| 000 | 00831nam a22001697a 4500 | ||
|---|---|---|---|
| 008 | 110104t xxu||||| |||| 00| 0 eng d | ||
| 082 |
_a610.73 _bر ع ا |
||
| 245 |
_aكتيب الرعاية التمريضية لحديثي الولادة بالمستشفيات / _cالوكالة الأمريكية للتنمية الدولية |
||
| 260 |
_a[القاهرة] : _bالوكالة الأمريكية للتنمية الدولية، 2010 _c2010 |
||
| 300 |
_a147 ص : _bأيض ؛ _c12 سم |
||
| 504 | _aببليوجرافية ص 145-147 | ||
| 650 |
_98531 _aالرعاية الصحية |
||
| 650 |
_921721 _aالتمريض |
||
| 650 |
_921722 _aالمستشفيات |
||
| 942 |
_2ddc _cNRB |
||
| 999 |
_c14884 _d14884 |
||